header

Peripheral neuropathies in clinical practice (Record no. 77858)

MARC details
000 -LEADER
fixed length control field 03588nam a22004094a 4500
082 04 - DEWEY DECIMAL CLASSIFICATION NUMBER
Classification number 616.8/56
100 1# - MAIN ENTRY--AUTHOR NAME
Personal name Herskovitz, Steven.
245 10 - TITLE STATEMENT
Title Peripheral neuropathies in clinical practice
260 ## - PUBLICATION, DISTRIBUTION, ETC. (IMPRINT)
Place of publication Oxford ;
-- New York :
Name of publisher Oxford University Press,
Year of publication 2010.
300 ## - PHYSICAL DESCRIPTION
Number of Pages xiii, 382 p., [10] p. of plates :
Other physical details ill. (some col.).
490 1# - SERIES STATEMENT
Series statement Contemporary neurology series ;
505 0# - FORMATTED CONTENTS NOTE
Formatted contents note Basic concepts and glossary of common clinical terms -- Anatomic classification of peripheral nervous system disorders -- Evaluation and management of the patient with peripheral neuropathy -- Electrodiagnostic, imaging, nerve, and skin biopsy investigations in peripheral nerve diseases -- Case presentations illustrating the diagnostic method -- Acute immune-mediated neuropathies -- Chronic immune-mediated neuropathies -- Neuropathies associated with monoclonal gammopathies and cancer -- Infectious and granulomatous neuropathies -- Diabetic and other endocrine neuropathies -- Neuropathies associated with vitamin and essential mineral deficiencies and malabsorption -- Vascular/ischemic neuropathies -- Neuropathies associated with organ failure -- The hereditary neuropathies -- Hereditary metabolic/multisystem disorders with neuropathy -- The toxic neuropathy : principles of general and peripheral neurotoxicology; pharmaceutical agents -- The toxic neuropathies : industrial, occupational, and environmental agents -- Focal neuropathies : nerve injuries, entrapments, and other mononeuropathies -- Plexopathies -- Disorders of peripheral nerve hyperexcitability.
520 1# - SUMMARY, ETC.
Summary, etc "Peripheral Neuropathies in Clinical Practice is a revamped and updated version of Disorders of Peripheral Nerves, published in 1992. The current edition begins with basic concepts and anatomic classifications of the Peripheral Nervous System (PNS) and its disorders." "The anatomic complexities, varied presentations, and innumerable etiologies of peripheral neuropathies present substantial challenges for the practicing clinician. Comprehensive and concise in approach, Peripheral Neuropathies in Clinical Practice is a thorough review of the neurologic literature written by expert clinicians, each of whom are leaders in the field. Its aim is to assist neurologists, trainees in neurology and related fields, and all practitioners who see these patients to better understand, evaluate, and manage peripheral nerve disorders."--BOOK JACKET.
650 #0 - SUBJECT ADDED ENTRY--TOPICAL TERM
Topical Term Nerves, Peripheral
700 1# - ADDED ENTRY--PERSONAL NAME
Personal name Scelsa, Stephen N.
Personal name Schaumburg, Herbert H.,
856 40 - ELECTRONIC LOCATION AND ACCESS
Uniform Resource Identifier http://site.ebrary.com/lib/rucke/Doc?id=10410346

No items available.

© 2026 Rongo University
Contact us: librarian | system librarian | Rongo university